Strength training anatomy (Record no. 11355)

MARC details
000 -LEADER
fixed length control field 00262nam a22000977a 4500
008 - FIXED-LENGTH DATA ELEMENTS--GENERAL INFORMATION
fixed length control field 190313b ||||| |||| 00| 0 eng d
020 ## - INTERNATIONAL STANDARD BOOK NUMBER
International Standard Book Number 9780736063685
100 ## - MAIN ENTRY--PERSONAL NAME
Personal name Delavier Frederic
9 (RLIN) 7095
245 ## - TITLE STATEMENT
Title Strength training anatomy
260 ## - PUBLICATION, DISTRIBUTION, ETC. (IMPRINT)
Place of publication, distribution, etc. USA
Name of publisher, distributor, etc. Human Kinetics
Date of publication, distribution, etc. 2006
Holdings
Withdrawn status Lost status Source of classification or shelving scheme Damaged status Koha normalized classification for sorting Not for loan Home library Current library Shelving location Date acquired Total Checkouts Full call number Barcode Date last seen Price effective from Koha item type
    Dewey Decimal Classification   611_000000000000000_K2   Good Samaritan School Library Good Samaritan School Library Medical Diagnostics 03/13/2019   611 K-2 DEL15226 03/13/2019 03/13/2019 BOOK

Powered by Koha